00512nam a22002057a 450000500170000001000110001702000220002803500110005003700160006108200110007710000150008824500480010326000340015127000120018530000200019750000220021765000270023965000230026670000170028920170124110130.0 a940619 c00.00a0713911131 a940619 bCen Lib/Ret aNbKAY aKaye, M.M. aPavilions /cby M.M. Kaye [and] Allen Lane  aLondon bPenguin books c2000 bLondon  a960p.c21cm(Hb) aIncludes glossary aHistorical literature  aHistorical fiction aLane, Allen